000 01636cam a22004094i 4500
003 PE-LiUPU
005 20250731175632.0
008 150625s r 000 0 d
020 _a9972716872
035 _a(Sirsi) i9789972716874
040 _aPE-LiUPU
_bspa
_cPE-LiUPU
_erda
049 _aPRUA
082 0 4 _a461.402
_bA77
_221
100 1 _aArribasplata, Miguel,
_eautor.
245 1 0 _aUsos y abusos del idioma :
_bautoinstructivo de ortografía /
_cMiguel Arribasplata [et alter].
264 1 _aLima :
_bSan Marcos,
_c2004.
300 _a222 páginas :
_bilustraciones, tablas, figuras ;
_c29 centímetros
336 _atext
_2rdacontent
337 _aunmediated
_2rdamedia
338 _avolume
_2rdacarrier
505 0 _aEl acento y la concurrencia de vocales. -Reglas de acentuación común o general. -Acentuacuón especial. -Los signos de puntuación. -Reglas del uso de consonantes. -.
526 _aP145
526 _aP127
526 _aP97
526 _aP35
526 _aP14
526 _aP07
541 _g0014-013117;
650 0 4 _aEspañol
_xOrtografía
_vManuales, etc.
650 0 4 _aOrtografía
_xEstudio y enseñanza personal.
700 1 _aValverde, Esteban.
942 _2ddc
_cBOOK
949 _a461.402 A77
_wDEWEY
_c1
_i55282
_lCCODEBUL1
_mBUL
_p7.00
_r0
_sY
_tBOOK
_u2015-6-25
_xFCE
_zUNKNOWN
_0COMPRA
_o.STAFF. Colección General
994 _aC0
_bPEPRU
596 _a1
999 _a461.402 A77
_wDEWEY
_c44193
_i55282
_f2021-11-8
_g6
_lCCODEBUL1
_mBUL
_p7.00
_r0
_sN
_tBOOK
_u2015-6-25
_xEDUCACION
_zUNKNOWN
_0COMPRA
_o.STAFF. Colección General
_d44193
980 _81
_gALBERTO SANCHEZ Responsable de Automatización